A folyamatmenedzsmenti módszerek hatása és kockázata egy multinacionális cég működésére

Bibliográfiai részletek
Szerző: Frank Richárd
További közreműködők: Fülöp Dr. Sándor
Dokumentumtípus: Diplomadolgozat
Kulcsszavak:Folyamatmenedzsment
Kockázat
Döntéshozatal
Online Access:http://dolgozattar.uni-bge.hu/22505

MARC

LEADER 00000nta a2200000 i 4500
001 dolg22505
005 20190516172819.0
008 190516suuuu hu om 000 hun d
040 |a BGE Dolgozattár Repozitórium  |b hun 
041 |a hu 
100 1 |a Frank Richárd 
245 1 2 |a A folyamatmenedzsmenti módszerek hatása és kockázata egy multinacionális cég működésére  |c Frank Richárd  |h [elektronikus dokumentum] 
695 |a Folyamatmenedzsment 
695 |a Kockázat 
695 |a Döntéshozatal 
700 1 |a Fülöp Dr. Sándor  |e ths 
856 4 0 |u http://dolgozattar.uni-bge.hu/22505/1/Frank_Richard_Szakdolgozat.pdf  |z Dokumentum-elérés 
856 4 0 |u http://dolgozattar.uni-bge.hu/22505/2/Frank%20Rich%C3%A1rd.pdf  |z Dokumentum-elérés